Электроника: учебник для бакалавров

Detalles Bibliográficos
Autor principal: Миловзоров О. В. Олег Владимирович
Otros Autores: Панков И. Г. Иван Григорьевич
Sumario:В учебнике рассмотрен широкий круг вопросов, касающихся основ полупроводниковой электроники, аналоговой и цифровой схемотехники. Описана работа полупроводниковых приборов — диодов, биполярных и полевых транзисторов и схем на их основе; схемотехника аналоговых устройств на основе операционных усилителей, силовая электроника. Освещены вопросы цифровой схемотехники, включая основы алгебры логики, простейшие логические элементы, комбинационные и последовательностные устройства, полупроводниковые запоминающие устройства, микропроцессоры и интерфейсные схемы, программируемые логические интегральные схемы. Рассмотрены микроархитектуры современных процессоров. Соответствует Федеральному государственному образовательному стандарту высшего профессионального образования третьего поколения.Для студентов технических вузов.
Lenguaje:ruso
Publicado: Москва, Юрайт, 2013
Edición:5-е изд., перераб. и доп.
Colección:Бакалавр. Базовый курс
Materias:
Formato: MixedMaterials Libro
KOHA link:https://koha.lib.tpu.ru/cgi-bin/koha/opac-detail.pl?biblionumber=242288

MARC

LEADER 00000nam0a2200000 4500
001 242288
005 20231101231902.0
010 |a 9785991625418 
035 |a (RuTPU)RU\TPU\book\263598 
090 |a 242288 
100 |a 20130829d2013 m y0rusy50 ca 
101 0 |a rus 
102 |a RU 
105 |a a j 001zy 
200 1 |a Электроника  |e учебник для бакалавров  |f О. В. Миловзоров, И. Г. Панков 
205 |a 5-е изд., перераб. и доп. 
210 |a Москва  |c Юрайт  |d 2013 
215 |a 407 с.  |c ил. 
225 1 |a Бакалавр. Базовый курс 
320 |a Библиогр.: с. 406-407. 
320 |a Предметный указатель: с. 393-405. 
330 |a В учебнике рассмотрен широкий круг вопросов, касающихся основ полупроводниковой электроники, аналоговой и цифровой схемотехники. Описана работа полупроводниковых приборов — диодов, биполярных и полевых транзисторов и схем на их основе; схемотехника аналоговых устройств на основе операционных усилителей, силовая электроника. Освещены вопросы цифровой схемотехники, включая основы алгебры логики, простейшие логические элементы, комбинационные и последовательностные устройства, полупроводниковые запоминающие устройства, микропроцессоры и интерфейсные схемы, программируемые логические интегральные схемы. Рассмотрены микроархитектуры современных процессоров. Соответствует Федеральному государственному образовательному стандарту высшего профессионального образования третьего поколения.Для студентов технических вузов. 
452 1 |0 (RuTPU)RU\TPU\book\281172  |y 978-5-9916-2541-8  |t Электроника  |o учебник для бакалавров  |f О. В. Миловзоров, И. Г. Панков  |e 5-е изд.  |c Москва  |n Юрайт  |d 2013  |p 1 Мультимедиа CD-ROM  |s Электронные учебники издательства "Юрайт"  |a Миловзоров, Олег Владимирович 
606 1 |a Электроника  |2 stltpush  |3 (RuTPU)RU\TPU\subj\20310  |9 45419 
610 1 |a полупроводниковые элементы 
610 1 |a микроэлектроника 
610 1 |a физические основы 
610 1 |a полупроводниковые диоды 
610 1 |a биполярные транзисторы 
610 1 |a полевые транзисторы 
610 1 |a тиристоры 
610 1 |a аналоговая схемотехника 
610 1 |a усилительные устройства 
610 1 |a каскады 
610 1 |a операционные усилители 
610 1 |a вычислительные схемы 
610 1 |a генераторы 
610 1 |a компараторы 
610 1 |a источники вторичного электропитания 
610 1 |a силовые устройства 
610 1 |a электронные устройства 
610 1 |a электромагнитная совместимость 
610 1 |a двоичная система 
610 1 |a алгебра логики 
610 1 |a ключевые схемы 
610 1 |a интегральные микросхемы 
610 1 |a логические элементы 
610 1 |a дешифраторы 
610 1 |a шифраторы 
610 1 |a распределители 
610 1 |a мультиплексоры 
610 1 |a сумматоры 
610 1 |a триггеры 
610 1 |a счетчики 
610 1 |a регистры 
610 1 |a запоминающие устройства 
610 1 |a однокристальные микропроцессоры 
610 1 |a микроконтроллеры 
610 1 |a ПЛИС 
610 1 |a программируемые логические интегральные схемы 
610 1 |a САПР 
610 1 |a система автоматизированного проектирования 
610 1 |a процессоры 
610 1 |a микроархитектура 
610 1 |a учебники 
675 |a 621.38(075.8)  |v 3 
700 1 |a Миловзоров  |b О. В.  |g Олег Владимирович 
701 1 |a Панков  |b И. Г.  |g Иван Григорьевич 
801 1 |a RU  |b 63413507  |c 20130829 
801 2 |a RU  |b 63413507  |c 20210609  |g RCR 
900 |a Электроника 
942 |c BK 
952 |b 151900  |b 150700 
959 |a 117/20130828  |d 5  |e 349,00  |f ЧЗТЛ:1  |f АНЛ:1  |f УФ:3